000 00691nam a22002177a 4500
003 OSt
005 20221109202013.0
008 221006b |||||||| |||| 00| 0 eng d
020 _a1 85437 425 7
040 _cBiblioteca Lado V
082 _a708
_bW214c
100 _9348
_aWallis, Simon
_ecurador
245 _aContemporary Art & Pop./
_bRemix/
260 _aLondres
_c2008
_bTate
300 _a96p.
_c21x25cm
650 _2Tesauro de Arte & Arquitectura
_aARTE CONTEMPORANEO
650 _2Tesauro de Arte & Arquitectura
_aARTE VISUAL
650 _2Tesauro de Arte & Arquitectura
_aARTE POP
700 _aHonore, Vincent
_eeditor
942 _2ddc
_c1
_h708
_iW214c
_n0
999 _c2538
_d2538